The ten books of architecture: the 1755 Leoni edition

Tallennettuna:
Bibliografiset tiedot
Päätekijä: Alberti, León Battista (Tekijä)
Aineistotyyppi: Kirja
Kieli:englanti
Julkaistu: Nueva York Dover Publications 1986
Aiheet:
Tagit: Lisää tagi
Ei tageja, Lisää ensimmäinen tagi!

MARC

LEADER 00000nam a2200000 a 4500
001 UCV8550
003 CL-VaPUC
008 911007e19860000US |||||||||||||||||eng|d
082 0 4 |a 724.1  |b ALB  |2 21 
100 |a Alberti, León Battista  |e author  |9 302577 
245 1 4 |a The ten books of architecture: the 1755 Leoni edition 
300 |a 240 p 
942 |c BK 
945 |d 19911007 00:00:00 
260 |a Nueva York  |b Dover Publications  |c 1986 
600 0 7 |a BARTOLI, COSIMO  |2 CL-VaPUC  |9 266804 
600 0 7 |a LEONI, GIACOMO  |2 CL-VaPUC  |9 266805 
650 0 |a Arquitectura   |v Obras anteriores a 1800  |9 265593 
650 0 |a Arquitectura renacentista   |9 265337 
583 |a last modification  |c 19911007 00:00:00  |k Rodrigo Vera 
999 |c 214042  |d 214040 
952 |0 0  |1 0  |4 0  |6 724_100000000000000_ALB_1986  |7 0  |8 R  |9 197052  |a BIBARQ  |b BIBARQ  |d 2019-11-14  |i 2647982  |o 724.1 ALB 1986  |p 2647982  |r 2025-01-20  |w 2019-11-14  |y BK_R  |k ARQ